| 000 | 00417nam a2200181Ia 4500 | ||
|---|---|---|---|
| 005 | 20250423094953.0 | ||
| 008 | 250422s9999 xx 000 0 und d | ||
| 020 | _a0-385-41503-6 | ||
| 050 | _aHF 5415.5 .S49/ | ||
| 100 | _aCarl Sewell | ||
| 245 | 0 | _aCustomers For Life | |
| 260 | _aNew York | ||
| 260 | _bCurrency Doubleday | ||
| 260 | _c1990 | ||
| 300 | _a175 p | ||
| 650 | _aCustomer Service | ||
| 942 | _cBK | ||
| 999 |
_c28843 _d28843 |
||